Statistics for Three Letter Words Starting With P

Click here to take the quiz!

General Stats

  • This quiz has been taken 614 times
    (591 since last reset)
  • The average score is 38 of 54

Answer Stats

word% Correct
pan
95%
pat
94%
pin
94%
pit
93%
pot
93%
pad
92%
pet
92%
pal
90%
par
90%
pen
90%
put
90%
paw
89%
pig
88%
pun
86%
pay
85%
pew
85%
pod
85%
peg
83%
per
83%
pow
83%
pug
79%
pie
77%
pop
77%
pea
76%
pip
76%
pub
75%
pas
73%
pap
71%
pee
71%
pep
71%
pom
70%
pus
69%
pud
68%
pax
67%
pup
67%
pic
66%
pol
66%
poo
62%
pox
62%
pix
61%
pry
61%
ply
58%
pec
55%
pes
55%
pro
54%
poi
52%
pah
50%
pul
48%
phi
42%
pho
33%
piu
30%
psi
28%
pya
14%
pyx
11%

Score Distribution

Percentile by Number Answered

Percent of People with Each Score

Your Score History

You have not taken this quiz since the last reset